Follow That Line: The Wee Free Men Quiz Stats

 Plays Quiz not verified by Sporcle

Challenge
Share
Tweet
Embed
Score 0/20 Timer 19:00
0 Plays Today
% Correct
And it would be a big, simple book with pictures of Spot the Dog and a Big Red Ball and one or two short sentences on each page.
94.3%
And this time she got something she could actually hold.
94.3%
especially ones strong enough to withstand falling farmhouses.
93.4%
you can pay enough to be very innocent indeed.
93.4%
and when he got home he moved the hands on their clock to the same position.
92.9%
Everyone else called it Granny's Shelf.
92.9%
The printers knew their readership and printed the Almanack on soft thin paper.
92.4%
it thinks more than you sometimes want it to.
92.4%
Well, to tell ye the truth, it's more that they know it's unlucky not to be friends wi' the Nac Mac Feegle.
92.4%
but it would be nice if there was.
92.4%
% Correct
and what made the children think they could just walk around eating other people's houses in any case?
91.9%
should try living in one for five minutes.
91.9%
Faces, yes.
91.9%
Tiffany didn't have the heart to say that they must have been very long stories.
91.5%
Choppin' its heid off generally works.
91.5%
There were unlimited supplies of no answer at all.
90%
because you had to write it yourself.
90%
I think I can be clueless in more sensible ways.
89.6%
Provided it's not the one about how you get baby hedgehogs.
86.7%
Leave.
86.3%

You're not logged in!

Compare scores with friends on all Sporcle quizzes.
OR
Log In

You Might Also Like...

Show Comments

Extras

Top Quizzes Today


Score Distribution

Your Account Isn't Verified!

In order to create a playlist on Sporcle, you need to verify the email address you used during registration. Go to your Sporcle Settings to finish the process.

Report this User

Report this user for behavior that violates our Community Guidelines.

Details: